Els Mercats són una altra història
Publicado:
Barcelona :
Diputació de Barcelona. Àrea de Comerç. Oficina de Mercats i Fires Locals ,
2009
Descripción Física:
[10] p. : fot. col. ; 21 cm
Materias:
Mercats coberts -- Barcelona (Província)
MARC
| LEADER | 00000nam a2200000Ia 4500 | ||
|---|---|---|---|
| 001 | 22305 | ||
| 008 | 160829s2009 xx 000 0 cat d | ||
| 080 | |a FU-54-27 | ||
| 245 | |a Els Mercats són una altra història | ||
| 260 | |a Barcelona : |b Diputació de Barcelona. Àrea de Comerç. Oficina de Mercats i Fires Locals, |c 2009 | ||
| 300 | |a [10] p. : |b fot. col. ; |c 21 cm | ||
| 650 | |a Mercats coberts |x Barcelona (Província) |9 47795 | ||
| 710 | 1 | |a Barcelona (Catalunya : Província). |b Oficina de Mercats i Fires Locals |9 53630 | |
| 901 | |a Arxiu | ||
| 942 | |n 1 | ||
| 952 | |0 0 |1 0 |4 0 |6 FU5427 |7 1 |9 54774 |a Arxiu |b Arxiu |d 2016-12-01 |l 0 |o FU-54-27 |p 22305 |r 2016-12-01 00:00:00 |w 2016-12-01 |y ARXIU | ||
| 999 | |c 58643 |d 58643 | ||